Modern Europe Upto 1945 (Record no. 17812)
[ view plain ]
| 000 -LEADER | |
|---|---|
| fixed length control field | 00372nam a22001577a 4500 |
| 003 - CONTROL NUMBER IDENTIFIER | |
| control field | OSt |
| 008 - FIXED-LENGTH DATA ELEMENTS--GENERAL INFORMATION | |
| fixed length control field | 231114b |||||||| |||| 00| 0 eng d |
| 041 ## - LANGUAGE CODE | |
| Language code of text/sound track or separate title | eng |
| 082 ## - DEWEY DECIMAL CLASSIFICATION NUMBER | |
| Classification number | 940 |
| Item number | DOW / M |
| 100 ## - MAIN ENTRY--AUTHOR NAME | |
| Personal name | Downer Hazen, Charles |
| 245 ## - TITLE STATEMENT | |
| Title | Modern Europe Upto 1945 |
| 250 ## - EDITION STATEMENT | |
| Edition statement | 3rd Reprint |
| 260 ## - PUBLICATION, DISTRIBUTION, ETC. (IMPRINT) | |
| Place of publication | Delhi: |
| Name of publisher | S Chand & Co, |
| Year of publication | 1968. |
| 300 ## - PHYSICAL DESCRIPTION | |
| Number of Pages | 727p. |
| 942 ## - ADDED ENTRY ELEMENTS (KOHA) | |
| Koha item type | Books |
| Withdrawn status | Lost status | Damaged status | Home library | Current library | Shelving location | Date acquired | Cost, normal purchase price | Full call number | Accession Number | Koha item type |
|---|---|---|---|---|---|---|---|---|---|---|
| Withdrawn | KAUAET | Sanskrit University | General Stacks | 14/11/2023 | 12.50 | 940 DOW / M | 12153 | Books |
